| 000 | 00416nam a2200157Ia 4500 | ||
|---|---|---|---|
| 008 | 230312s9999||||xx |||||||||||||| ||und|| | ||
| 020 | _a81-8473-391-4 | ||
| 082 |
_a615.1 _bALL-A |
||
| 100 | _aAllen;Loyd.V | ||
| 245 | 0 | _aAnsel's Pharmaceutical Dosage Forms and Drug Delivery Systems | |
| 260 |
_bWolters K;uwer _aIndia _c2011 |
||
| 300 | _a710 | ||
| 546 | _aEng. | ||
| 650 |
_aPharmacy _vPharmaceutics |
||
| 942 | _cBK | ||
| 999 |
_c9260 _d9260 |
||